| 000 | 00567nam a22001697a 4500 | ||
|---|---|---|---|
| 003 | OSt | ||
| 005 | 20130605125516.0 | ||
| 008 | 130605s2006 sp ||||| |||| 00| 0 cat d | ||
| 040 | _cCDMR | ||
| 100 | 1 |
_93694 _aMaestre Brotons, Antoni |
|
| 245 | 1 | 0 |
_aHumor i persuasió _b: l'obra periodística de Quim Monzó _cAntoni Maestre Brotons |
| 260 |
_aAlacant _bUniversitat d'Alacant. Departament de Filologia Catalana _c2006 |
||
| 300 | _a222 p. | ||
| 490 | 0 |
_aBiblioteca de Filologia Catalana _v15 |
|
| 600 | 1 |
_92586 _aMonzó, Quim _xCrítica i interpretació |
|
| 942 |
_2udc _cMON |
||
| 999 |
_c6412 _d6412 |
||